Halte des Fernverkehrs der Schweiz #1 - Statistiken

Allgemein
  • Dieses Quiz wurde 121 mal gespielt
  • Das Durchschnittsergebnis liegt bei 47 aus 58
Antwortstatistiken
Haltestellen % Korrekt
Basel SBB
100%
Basel SBB
100%
Bern
100%
Genève
100%
Zürich HB
100%
Zürich HB
100%
Zürich HB
100%
Zürich HB
100%
Zürich HB
100%
Lausanne
95%
Lausanne
95%
Lausanne
95%
Biel/Bienne
92%
Biel/Bienne
92%
Biel/Bienne
92%
Fribourg/Freiburg
92%
St. Gallen
92%
St. Gallen
92%
St. Gallen
92%
Chur
89%
Olten
89%
Olten
89%
Winterthur
89%
Winterthur
89%
Winterthur
89%
Lugano
86%
Solothurn
86%
Solothurn
86%
Zürich Flughafen
86%
Zürich Flughafen
86%
Zürich Flughafen
86%
Zug
84%
Bellinzona
83%
Genève-Aéroport
81%
Neuchâtel
81%
Neuchâtel
81%
Aarau
80%
Arth-Goldau
77%
Sargans
75%
Landquart
72%
Zürich Oerlikon
72%
Wil SG
70%
Delémont
69%
Gossau SG
66%
Rorschach
66%
Uzwil
66%
Altdorf UR
64%
Flawil
63%
Yverdon-les-Bains
61%
Yverdon-les-Bains
61%
Renens VD
56%
Renens VD
56%
Renens VD
56%
Grenchen Süd
50%
Grenchen Nord
48%
Laufen
47%
Moutier
47%
Oensingen
45%
Keine übereinstimmenden Quizze gefunden
Verteilung der Resultate
Anzahl Personen mit jedem Resultat
Perzentil nach korrekt beantworteten Fragen
Ihre Resultats-Entwicklung
Sie haben dieses Quiz noch nicht gespielt